| Tag |
First Indicator |
Second Indicator |
Subfields |
| LEADER |
00000pam a2200000 a 4500 |
| 001 |
in00000098091 |
| 005 |
20150924085548.0 |
| 008 |
810519s1982 maua b 00110 eng |
| 010 |
|
|
|a 81007986
|
| 020 |
|
|
|a 0205076610 :
|c $21.95
|
| 035 |
|
|
|a (OCoLC)07555550
|
| 035 |
|
|
|9 AAK9457AM
|
| 039 |
0 |
|
|a 2
|b 3
|c 3
|d 3
|e 3
|
| 040 |
|
|
|a DLC
|c DLC
|d TXA
|d UtOrBLW
|
| 049 |
|
|
|a TXAM
|c 1 [1197314], 2 [1197316]
|
| 050 |
0 |
0 |
|a PN2101
|b B68 1982
|
| 082 |
0 |
|
|a 792/.09
|2 19
|
| 100 |
1 |
|
|a Brockett, Oscar G.
|q (Oscar Gross),
|d 1923-2010.
|
| 245 |
1 |
0 |
|a History of the theatre /
|c Oscar G. Brockett.
|
| 250 |
|
|
|a 4th ed.
|
| 264 |
|
1 |
|a Boston :
|b Allyn and Bacon,
|c [1982]
|
| 264 |
|
4 |
|c ©1982
|
| 300 |
|
|
|a x, 768 pages :
|b illustrations ;
|c 24 cm.
|
| 336 |
|
|
|a text
|b txt
|2 rdacontent
|
| 337 |
|
|
|a unmediated
|b n
|2 rdamedia
|
| 338 |
|
|
|a volume
|b nc
|2 rdacarrier
|
| 500 |
|
|
|a Includes index.
|
| 504 |
|
|
|a Bibliography: pages [725]-742.
|
| 650 |
|
0 |
|a Theater
|x History.
|
| 650 |
|
0 |
|a Drama
|x History and criticism.
|
| 999 |
|
|
|a MARS
|
| 999 |
f |
f |
|s 3348c844-5cd6-3211-a68a-168ee3c97ee7
|i 81faabe2-abcc-3ca2-a39b-78427bf9c685
|t 0
|
| 952 |
f |
f |
|p normal
|a Texas A&M University
|b College Station
|c Sterling C. Evans Library
|d Evans: Library Stacks
|t 0
|e PN2101 B68 1982
|h Library of Congress classification
|i unmediated -- volume
|m A14806025160
|
| 998 |
f |
f |
|a PN2101 B68 1982
|t 0
|l Evans: Library Stacks
|